Wskaźniki w kolei - Statystyki

Ogólne statystyki
  • Ten quiz został rozwiązany 7 razy
  • Średni wynik to 18 z 28
Statystyki odpowiedzi
Obrazkowy Odpowiedź % Poprawnych
W14
86%
W15
86%
W18
86%
W20
86%
W21
86%
W22
86%
W24
86%
W32
86%
W4
86%
W6
86%
W7
86%
W9
86%
W12
71%
W16
71%
W17
71%
W19
71%
W28
71%
W6a
71%
W6b
71%
W8
71%
W11a
43%
D6
29%
W27a
29%
We1a
29%
We2a
29%
We3a
29%
We4a
29%
We8a
29%
Nie znaleziono quizów pasujących do podanych kryteriów
Rozkład punktacji
Procent ludzi z każdym wynikiem
Percentyl według liczby udzielonych odpowiedzi
Twoja historia wyników
Nie rozwiązałeś tego quizu